[Event "Milan SSM op 07"]
[Site "Milan"]
[Date "2014.07.04"]
[Round "2"]
[White "Padolecchia, Vittorio"]
[Black "Cozzolino, Angelo"]
[Result "0-1"]
[WhiteElo "1579"]
[BlackElo "1930"]
[PlyCount "70"]
[EventDate "2014.07.03"]
[EventType "swiss"]
[EventRounds "5"]
[EventCountry "ITA"]
[SourceTitle "EXT 2016"]
[Source "ChessBase"]
[SourceDate "2015.10.08"]
[SourceVersion "1"]
[SourceVersionDate "2015.10.08"]
[SourceQuality "1"]

1. Nf3 Nf6 2. d4 d5 3. Bf4 c6 4. Nc3 Bf5 5. e3 e6 6. a3 Be7 7. Bd3 Bg6 8. Ne5 Nh5 9. Bg3 Nxg3 10. fxg3 Nd7 11. Nxd7 Qxd7 12. Bxg6 hxg6 13. Qe2 Bd6 14. 0-0-0 0-0-0 15. Qf2 Kb8 16. Kb1 Rc8 17. e4 f5 18. e5 Be7 19. h4 c5 20. Ka2 cxd4 21. Qxd4 Rc7 22. Rd2 Rhc8 23. Rc1 Rc4 24. Qd3 Qc7 25. Nb5 Qxe5 26. Nd4 Bf6 27. Rcd1 Rxd4 28. Qxd4 Qxd4 29. Rxd4 Bxd4 30. Rxd4 Rxc2 31. Kb3 Rxg2 32. Rd3 Kc7 33. Kc3 Kd6 34. b4 e5 35. a4 e4 0-1

[Event "ITA-chTB 43rd"]
[Site "Sant'Anastasia"]
[Date "2011.03.26"]
[Round "4"]
[White "Sabia, Corrado"]
[Black "Cozzolino, Angelo"]
[Result "1-0"]
[WhiteElo "2192"]
[BlackElo "1931"]
[PlyCount "79"]
[EventDate "2011.03.25"]
[EventType "swiss"]
[EventRounds "7"]
[EventCountry "ITA"]
[SourceTitle "EXT 2014"]
[Source "ChessBase"]
[SourceDate "2013.11.20"]
[SourceVersion "1"]
[SourceVersionDate "2013.11.20"]
[SourceQuality "1"]

1. c4 g6 2. g3 Nf6 3. Bg2 Bg7 4. Nc3 0-0 5. e4 d6 6. Nge2 e5 7. 0-0 Nc6 8. d3 Ne7 9. h3 c6 10. d4 Be6 11. d5 Bd7 12. dxc6 Bxc6 13. Bg5 Ne8 14. Qd2 Qc7 15. Rad1 Rd8 16. b3 f5 17. Nd5 Bxd5 18. Bxe7 Qxe7 19. Qxd5+ Rf7 20. exf5 gxf5 21. Qd2 Nf6 22. Nc3 b6 23. Rfe1 Rff8 24. Qg5 Qc7 25. Qxf5 Kh8 26. Qd3 Qc5 27. Qe3 Qxe3 28. Rxe3 Rfe8 29. Nb5 Bf8 30. Nxa7 e4 31. Re2 d5 32. cxd5 Rxd5 33. Rxd5 Nxd5 34. Nb5 Nf6 35. Nc3 e3 36. Rxe3 Rc8 37. Bf3 Bc5 38. Rd3 Kg7 39. Kg2 Re8 40. Na4 1-0

[Event "Napoli Settembre al Vomero 2nd"]
[Site "Napoli"]
[Date "2005.10.06"]
[Round "4"]
[White "De Rosa, Mariagrazia"]
[Black "Cozzolino, Angelo"]
[Result "1-0"]
[WhiteElo "2100"]
[BlackElo "1796"]
[PlyCount "41"]
[EventDate "2005.09.15"]
[EventType "swiss"]
[EventRounds "7"]
[EventCountry "ITA"]
[SourceTitle "EXT 2018"]
[Source "ChessBase"]
[SourceDate "2017.10.13"]
[SourceVersion "1"]
[SourceVersionDate "2017.10.13"]
[SourceQuality "1"]

1. e4 e6 2. d4 d5 3. e5 c5 4. c3 Qb6 5. a3 Bd7 6. Nf3 Bb5 7. Bxb5+ Qxb5 8. b4 c4 9. a4 Qd7 10. Ba3 Nc6 11. Nbd2 Nh6 12. Nf1 a5 13. b5 Bxa3 14. bxc6 Qe7 15. Qb1 bxc6 16. Qa2 Bb4 17. cxb4 axb4 18. Ne3 0-0 19. 0-0 Ra5 20. Rfb1 Nf5 21. Qd2 1-0